| 000 | 00390nam a2200157Ia 4500 | ||
|---|---|---|---|
| 008 | 180921t2018 xxu||||| |||| 00| 0 eng d | ||
| 041 | _aeng | ||
| 080 |
_a34 _bAMA |
||
| 100 | _aAmarasinghe, Risiman | ||
| 245 | 4 | _aThe Dark Time of Sri Lankan Judiciary | |
| 260 |
_bGodage _aColombo _c2018 |
||
| 300 | _b360p., 21cm | ||
| 942 | _cBK | ||
| 999 |
_c271 _d271 |
||
| 003 | LK-CoDNM | ||
| 040 |
_aLK-CoDNM _dLK-CoDNM _eLK-CoDNM |
||